[Event "FICGS W-ch st1 g18 email"]
[Site "FICGS email"]
[Date "2007.07.30"]
[Round "1"]
[White "Ang, Allen"]
[Black "Prcin, Ivo"]
[Result "0-1"]
[WhiteElo "1700"]
[BlackElo "1429"]
[PlyCount "24"]
[EventDate "2007.??.??"]
[EventType "tourn (corr)"]
[EventRounds "8"]
[SourceTitle "Corr 2022"]
[Source "ChessBase"]
[SourceDate "2021.10.24"]
[SourceVersion "1"]
[SourceVersionDate "2021.10.24"]
[SourceQuality "1"]

1. c4 Nf6 2. Nc3 g6 3. Nf3 Bg7 4. d4 d5 5. cxd5 Nxd5 6. e4 Nxc3 7. bxc3 0-0 8. Be2 c5 9. Rb1 b6 10. 0-0 cxd4 11. cxd4 Nc6 12. d5 Ne5 0-1

[Event "FICGS W-ch st1 g18 email"]
[Site "FICGS email"]
[Date "2007.07.30"]
[Round "1"]
[White "Ang, Allen"]
[Black "Wilson, Norman"]
[Result "0-1"]
[WhiteElo "1700"]
[BlackElo "1555"]
[PlyCount "36"]
[EventDate "2007.??.??"]
[EventType "tourn (corr)"]
[EventRounds "8"]
[SourceTitle "Corr 2022"]
[Source "ChessBase"]
[SourceDate "2021.10.24"]
[SourceVersion "1"]
[SourceVersionDate "2021.10.24"]
[SourceQuality "1"]

1. c4 Nf6 2. Nf3 g6 3. Nc3 d5 4. cxd5 Nxd5 5. e4 Nxc3 6. bxc3 Bg7 7. Ba3 Nd7 8. Be2 Nf6 9. Qc2 0-0 10. d4 b6 11. 0-0 Bb7 12. e5 Nd5 13. Qd2 c6 14. c4 Nc7 15. Rad1 Qd7 16. Qe3 Ba6 17. Rfe1 Rfd8 18. Qg5 Ne6 0-1

[Event "FICGS W-ch st1 g18 email"]
[Site "FICGS email"]
[Date "2007.07.30"]
[Round "1"]
[White "Lucas, Charles"]
[Black "Ang, Allen"]
[Result "0-1"]
[WhiteElo "1600"]
[BlackElo "1700"]
[PlyCount "20"]
[EventDate "2007.??.??"]
[EventType "tourn (corr)"]
[EventRounds "8"]
[SourceTitle "Corr 2022"]
[Source "ChessBase"]
[SourceDate "2021.10.24"]
[SourceVersion "1"]
[SourceVersionDate "2021.10.24"]
[SourceQuality "1"]

1. d4 d5 2. c4 dxc4 3. e3 Nf6 4. Bxc4 e6 5. Nc3 a6 6. Bd2 c5 7. a4 Nc6 8. Nf3 cxd4 9. exd4 Nxd4 10. Bg5 h6 0-1

[Event "FICGS class C 000053 email"]
[Site "FICGS email"]
[Date "2007.07.29"]
[Round "1"]
[White "Pech, Jaroslav Sr"]
[Black "Ang, Allen"]
[Result "1-0"]
[WhiteElo "1615"]
[BlackElo "1700"]
[PlyCount "21"]
[EventDate "2007.??.??"]
[EventType "tourn (corr)"]
[EventRounds "4"]
[SourceTitle "Corr 2022"]
[Source "ChessBase"]
[SourceDate "2021.10.24"]
[SourceVersion "1"]
[SourceVersionDate "2021.10.24"]
[SourceQuality "1"]

1. e4 c5 2. Nf3 e6 3. d4 cxd4 4. Nxd4 a6 5. c4 Nf6 6. Nc3 Qc7 7. a3 Nc6 8. Be3 Bd6 9. Be2 0-0 10. g3 Nxd4 11. Bxd4 1-0

[Event "FICGS class C 000050 email"]
[Site "FICGS email"]
[Date "2007.07.14"]
[Round "1"]
[White "Ang, Allen"]
[Black "Kis Kos, Laszlo"]
[Result "1-0"]
[WhiteElo "1700"]
[BlackElo "1610"]
[PlyCount "37"]
[EventDate "2007.??.??"]
[EventType "tourn (corr)"]
[EventRounds "4"]
[SourceTitle "Corr 2022"]
[Source "ChessBase"]
[SourceDate "2021.10.24"]
[SourceVersion "1"]
[SourceVersionDate "2021.10.24"]
[SourceQuality "1"]

1. c4 c5 2. Nf3 Nf6 3. Nc3 Nc6 4. d4 cxd4 5. Nxd4 e6 6. Nxc6 bxc6 7. e4 d5 8. cxd5 exd5 9. Be3 Qa5 10. e5 Ne4 11. Qc2 Bb4 12. Bd3 Nxc3 13. 0-0 Qa4 14. b3 Qa5 15. a3 Bxa3 16. Rxa3 Qxa3 17. Qxc3 Bd7 18. e6 fxe6 19. Bc5 1-0

[Event "FICGS class C 000050 email"]
[Site "FICGS email"]
[Date "2007.07.14"]
[Round "1"]
[White "Johnston, Jim"]
[Black "Ang, Allen"]
[Result "1-0"]
[WhiteElo "1627"]
[BlackElo "1700"]
[PlyCount "33"]
[EventDate "2007.??.??"]
[EventType "tourn (corr)"]
[EventRounds "4"]
[SourceTitle "Corr 2022"]
[Source "ChessBase"]
[SourceDate "2021.10.24"]
[SourceVersion "1"]
[SourceVersionDate "2021.10.24"]
[SourceQuality "1"]

1. d4 d5 2. c4 dxc4 3. e3 Nf6 4. Bxc4 e6 5. Nc3 a6 6. Nf3 c5 7. 0-0 b5 8. Bd3 Bb7 9. dxc5 Bxc5 10. Qe2 Nbd7 11. Rd1 0-0 12. h3 Qa5 13. Bd2 b4 14. Nb1 Be7 15. Na3 Bxf3 16. Qxf3 Ne5 17. Qe2 1-0

[Event "IECG CP.2001.P.00057"]
[Site "IECG email"]
[Date "2001.10.01"]
[Round "?"]
[White "Ang, Allen"]
[Black "Lloyd, Dave"]
[Result "0-1"]
[WhiteElo "1100"]
[BlackElo "2017"]
[PlyCount "38"]
[EventDate "2001.10.01"]
[EventType "tourn (corr)"]
[EventRounds "6"]
[SourceTitle "Corr 2008"]
[Source "ChessBase"]
[SourceDate "2008.06.24"]
[SourceVersion "1"]
[SourceVersionDate "2008.06.24"]
[SourceQuality "1"]

1. d4 Nf6 2. c4 Nc6 3. Nc3 e5 4. d5 Ne7 5. e4 Ng6 6. Be3 Bb4 7. f3 0-0 8. Qd2 d6 9. Nge2 Nd7 10. 0-0-0 Bc5 11. g3 b6 12. Kb1 Ba6 13. Nc1 Bb7 14. Nb3 Bxe3 15. Qxe3 a5 16. h4 Ne7 17. Bd3 Kh8 18. f4 Ng8 19. Nd2 Re8 0-1

[Event "IECG CP.2001.P.00057"]
[Site "IECG email"]
[Date "2001.10.01"]
[Round "?"]
[White "Perez, Giorgio"]
[Black "Ang, Allen"]
[Result "1-0"]
[WhiteElo "1888"]
[BlackElo "1100"]
[PlyCount "39"]
[EventDate "2001.10.01"]
[EventType "tourn (corr)"]
[EventRounds "6"]
[SourceTitle "Corr 2008"]
[Source "ChessBase"]
[SourceDate "2008.06.24"]
[SourceVersion "1"]
[SourceVersionDate "2008.06.24"]
[SourceQuality "1"]

1. e4 c5 2. Nf3 d6 3. d4 cxd4 4. Nxd4 Nf6 5. Nc3 a6 6. Bg5 e6 7. f4 Qb6 8. Qd2 Qxb2 9. Nb3 Qa3 10. Bxf6 gxf6 11. Be2 h5 12. 0-0 Nc6 13. Kh1 Bd7 14. Qe3 Rc8 15. Nb1 Qb2 16. N1d2 b5 17. a3 Nb8 18. c4 Be7 19. Rfb1 Qc2 20. Bd1 1-0

[Event "IECG QF.2001.0.00007"]
[Site "IECG email"]
[Date "2001.09.06"]
[Round "?"]
[White "Ang, Allen"]
[Black "Brobston, Andrew"]
[Result "0-1"]
[WhiteElo "1100"]
[BlackElo "1000"]
[PlyCount "60"]
[EventDate "2001.09.06"]
[EventType "tourn (corr)"]
[EventRounds "6"]
[SourceTitle "Corr 2008"]
[Source "ChessBase"]
[SourceDate "2008.06.24"]
[SourceVersion "1"]
[SourceVersionDate "2008.06.24"]
[SourceQuality "1"]

1. d4 Nf6 2. Nf3 e6 3. c4 b6 4. g3 Ba6 5. b3 Bb7 6. Bg2 Bb4+ 7. Bd2 a5 8. 0-0 0-0 9. Qc2 c5 10. Rd1 Bxd2 11. Nbxd2 Nc6 12. dxc5 bxc5 13. Ne4 Nb4 14. Nxf6+ Qxf6 15. Qd2 Rfd8 16. Qd6 Rac8 17. Ne5 Bxg2 18. Kxg2 Nc2 19. Rac1 Nd4 20. e4 Rc6 21. Nxc6 Qf3+ 22. Kg1 Ne2+ 23. Kf1 Nxc1 24. Rxc1 Qh1+ 25. Ke2 Qxe4+ 26. Kd2 Qxc6 27. Qxc6 dxc6+ 28. Kc3 Kf8 29. Re1 Ke7 30. Re5 Kd6 0-1